| 000 | 00577nam a2200205 a 4500 | ||
|---|---|---|---|
| 005 | 20240806063917.0 | ||
| 008 | 050517s2003 mx r 000 0 spa d | ||
| 020 | _a9681912586 | ||
| 035 | _aUPN01000138706 | ||
| 049 | _aCG | ||
| 050 | 4 |
_aPQ7297 F9.8 _bB8.2a |
|
| 100 | 1 |
_aFuentes, Carlos, _d1928-2012 |
|
| 245 | 1 | 4 |
_aLas buenas conciencias / _cCarlos Fuentes. |
| 260 |
_aMéxico : _bAlfaguara, _c2003. |
||
| 300 | _a198 p. | ||
| 440 | 0 | _aBiblioteca Carlos Fuentes | |
| 650 | 4 |
_aLiteratura mexicana _94466 |
|
| 650 | 4 |
_aPsicología del adolescente _91013 |
|
| 905 | _aLibro | ||
| 999 |
_c110854 _d110854 |
||